Statistiques concernant Pays avec le plus de ... par habitant

Cliquez ici pour prendre le quiz!

Statistiques générales

  • Ce quiz a été pris 174 fois
  • Le résultat moyen est 8 sur 18

Statistiques - réponses

Plus. .. par habitantPays% Correct
PistoletsÉtats-Unis
100%
Consommation de fromageFrance
99%
Consommation de bonbonsAllemagne
85%
Consommation de ketchupCanada
77%
BicyclettesPays-Bas
70%
Personnel militaireCorée du Nord
48%
Groupes de métalFinlande
47%
MilliardairesMonaco
45%
Consommation de bièreRepubliqué Tchèque
42%
Production d'pétroleKoweït
28%
TouristesVatican
25%
MannequinsEstonie
19%
Consommation d'alcoolBiélorussie
18%
Consommation de vinAndorre
15%
Consommation de moutardeSlovaquie
14%
MoutonMongolie
10%
ExportationsLiechtenstein
10%
PhysiciensSaint-Marin
8%

Distribution des résultats

Percentile par nombre de réponses

% des personnes avec chaque résultat

Votre développement - résultats

Vous n’avez pas pris ce quiz